| 000 | 00382nam a2200145Ia 4500 | ||
|---|---|---|---|
| 008 | 100415s9999 xx 000 0 und d | ||
| 082 |
_b3003 _a590 |
||
| 100 | _aN.Z.T | ||
| 245 | _aNovitates Zoologicae Vol . 40 | ||
| 260 |
_aTring _c1937 _bZoological Museum |
||
| 365 | _b0 | ||
| 630 | _aNovitates Zoologicae Vol . 40 | ||
| 730 | _aNovitates Zoologicae Vol . 40 | ||
| 942 | _cBOOK | ||
| 999 |
_c585996 _d585993 |
||